[Event "CAN-op"]
[Site "Windsor CAN"]
[Date "2016.07.17"]
[Round "9.8"]
[White "Plotkin, Victor"]
[Black "Song, Sam"]
[Result "1-0"]
[WhiteElo "2309"]
[BlackElo "2049"]
[PlyCount "131"]
[EventDate "2016.07.10"]
[EventType "swiss"]
[EventRounds "9"]
[EventCountry "CAN"]

1. Nf3 Nf6 2. c4 c6 3. Nc3 d6 4. d4 Qc7 5. e4 e5 6. h3 Be7 7. Be2 O-O 8. O-O
Re8 9. Qc2 Nbd7 10. Be3 a6 11. Rac1 b5 12. cxb5 cxb5 13. dxe5 dxe5 14. Qb1 Qb7
15. Rfd1 Bc5 16. Nxb5 Bxe3 17. Nd6 Bxf2+ 18. Kxf2 Qb6+ 19. Kg3 Rf8 20. Rc3 a5
21. Qc2 Qb8 22. Bc4 Ba6 23. Bb3 h6 24. Nh4 Qd8 25. Kh2 Ng4+ 26. hxg4 Qxh4+ 27.
Rh3 Qxg4 28. Rg3 Qh4+ 29. Rh3 Qf4+ 30. g3 Qg4 31. Rh4 Qe2+ 32. Qxe2 Bxe2 33.
Rd2 g5 34. Rxh6 Bg4 35. Rg6+ Kh7 36. Rxg5 Rg8 37. Rxg8 Kxg8 38. Nxf7 Kg7 39.
Kg2 Nc5 40. Nxe5 Nxb3 41. axb3 Be6 42. Nc4 a4 43. Rd6 Bxc4 44. bxc4 Rb8 45. Rd2
Kf6 46. Kf3 Rc8 47. Rc2 Ke5 48. c5 Rf8+ 49. Kg2 Kxe4 50. c6 Kd3 51. Rc3+ Kd4
52. c7 Rc8 53. Rc1 Kd5 54. g4 Kd6 55. Kg3 Rxc7 56. Rxc7 Kxc7 57. Kf4 Kd6 58.
Kf5 Kd5 59. g5 Kc4 60. g6 Kb3 61. g7 Kxb2 62. g8=Q a3 63. Qg2+ Kb1 64. Qe4+ Ka1
65. Qc2 a2 66. Qc1# 1-0

[Event "CAN-op"]
[Site "Windsor CAN"]
[Date "2016.07.17"]
[Round "9.12"]
[White "Kiraly, Istvan"]
[Black "Doknjas, Joshua"]
[Result "1/2-1/2"]
[WhiteElo "2245"]
[BlackElo "2204"]
[PlyCount "63"]
[EventDate "2016.07.10"]
[EventType "swiss"]
[EventRounds "9"]
[EventCountry "CAN"]

1. Nf3 c5 2. c4 Nc6 3. Nc3 e5 4. d3 d6 5. g3 g6 6. Bg2 Bg7 7. O-O Nge7 8. Bg5
f6 9. Bd2 Be6 10. a3 O-O 11. Rb1 a5 12. Ne1 Rb8 13. Nc2 d5 14. cxd5 Nxd5 15.
Nxd5 Bxd5 16. Bxd5+ Qxd5 17. Ne3 Qe6 18. Re1 Rfd8 19. Qc2 b6 20. Qc4 Qxc4 21.
Nxc4 Kf7 22. Bc3 Ke6 23. b4 axb4 24. axb4 b5 25. Na3 Bf8 26. Nc2 Nd4 27. Nxd4+
exd4 28. Bd2 c4 29. e3 dxe3 30. Bxe3 Kf7 31. dxc4 bxc4 32. Rec1 1/2-1/2

[Event "CAN-op"]
[Site "Windsor CAN"]
[Date "2016.07.17"]
[Round "9.13"]
[White "McNamara, Tanner"]
[Black "Agbabishvili, Lali"]
[Result "0-1"]
[WhiteElo "2047"]
[BlackElo "2162"]
[PlyCount "92"]
[EventDate "2016.07.10"]
[EventType "swiss"]
[EventRounds "9"]
[EventCountry "CAN"]

1. d4 c5 2. d5 d6 3. c4 g6 4. Nc3 Bg7 5. Nf3 Na6 6. h3 Nc7 7. Bf4 a6 8. e4 Nf6
9. e5 dxe5 10. Nxe5 O-O 11. Be2 Nce8 12. O-O Nd7 13. Nc6 bxc6 14. dxc6 Bd4 15.
cxd7 Qxd7 16. Bf3 Bb7 17. Nd5 Bxd5 18. Bxd5 Rd8 19. Qe2 Nf6 20. Bf3 e5 21. Bg5
Qd6 22. Rab1 Rb8 23. Qd2 Qe6 24. Bxf6 Qxf6 25. b4 cxb4 26. Rxb4 e4 27. Rxb8
Rxb8 28. Bxe4 Rb2 29. Bc2 Rxa2 30. Kh1 Bc5 31. f4 Qb2 32. Qd8+ Kg7 33. Be4 Ra1
34. Qd3 a5 35. Rxa1 Qxa1+ 36. Qb1 Qd4 37. f5 a4 38. Bc2 a3 39. Bb3 g5 40. Ba2
h5 41. Qc1 Kf6 42. Qf1 Qb2 43. Qb1 Qxb1+ 44. Bxb1 Ke5 45. g4 hxg4 46. hxg4 Kd4
0-1

[Event "CAN-op"]
[Site "Windsor CAN"]
[Date "2016.07.17"]
[Round "9.17"]
[White "Chaichi, Navid"]
[Black "Zhang, Henry"]
[Result "1-0"]
[WhiteElo "2221"]
[BlackElo "2096"]
[PlyCount "59"]
[EventDate "2016.07.10"]
[EventType "swiss"]
[EventRounds "9"]
[EventCountry "CAN"]

1. d4 Nf6 2. c4 g6 3. Nc3 d5 4. Bg5 Ne4 5. Bf4 Nxc3 6. bxc3 dxc4 7. Qa4+ Nd7 8.
Be5 f6 9. Bg3 c6 10. Qxc4 Nb6 11. Qd3 Be6 12. Nf3 Bc4 13. Qc2 Rc8 14. Nd2 Ba6
15. e4 Bxf1 16. Nxf1 c5 17. d5 Qd7 18. a4 e6 19. Ne3 exd5 20. a5 Nc4 21. Nxd5
Be7 22. O-O b5 23. axb6 axb6 24. Rfd1 Qc6 25. Ra7 Bd8 26. Qa2 Ne5 27. Bxe5 fxe5
28. Nxb6 c4 29. Nxc8 Qxc8 30. Ra8 1-0

[Event "CAN-op"]
[Site "Windsor CAN"]
[Date "2016.07.17"]
[Round "9.18"]
[White "Chernik, Dmitry"]
[Black "Ruelland, Geoffrey"]
[Result "0-1"]
[WhiteElo "2096"]
[BlackElo "2106"]
[PlyCount "94"]
[EventDate "2016.07.10"]
[EventType "swiss"]
[EventRounds "9"]
[EventCountry "CAN"]

1. e4 e6 2. Qe2 c5 3. f4 Be7 4. Nf3 d5 5. e5 Nc6 6. d3 Nh6 7. g3 Nf5 8. c3 Qb6
9. Bg2 Bd7 10. O-O h5 11. Na3 Rc8 12. Nc2 a5 13. Qf2 a4 14. Rb1 Qa6 15. Rd1 d4
16. c4 Nb4 17. a3 Nc6 18. Nd2 Na5 19. b4 axb3 20. Nxb3 Nc6 21. Nd2 Ra8 22. Ne4
Ra7 23. Bd2 Na5 24. Rb2 Bc6 25. Rdb1 Ra8 26. Qe1 O-O 27. Qe2 g6 28. g4 hxg4 29.
Qxg4 Kg7 30. Rb6 Qa7 31. Ng3 Rfb8 32. Nh5+ Kh7 33. Nf6+ Kg7 34. Qg5 Bxg2 35.
Kxg2 Rh8 36. Be1 Rh6 37. h4 Rah8 38. R1b5 Nxc4 39. dxc4 Qa4 40. Rb3 Qxc4 41.
Rxb7 Qxc2+ 42. Kg1 Qe2 43. Rxe7 Qxe1+ 44. Kg2 Nxh4+ 45. Qxh4 Rxh4 46. Rxf7+
Kxf7 47. Rb7+ Kf8 0-1

[Event "CAN-op"]
[Site "Windsor CAN"]
[Date "2016.07.17"]
[Round "9.19"]
[White "Huang, Patrick"]
[Black "Profit, Brian"]
[Result "1/2-1/2"]
[WhiteElo "1992"]
[BlackElo "1989"]
[PlyCount "34"]
[EventDate "2016.07.10"]
[EventType "swiss"]
[EventRounds "9"]
[EventCountry "CAN"]

1. e4 e6 2. Qe2 c5 3. f4 Nc6 4. Nf3 Nf6 5. d3 Be7 6. g3 O-O 7. Bg2 d5 8. O-O b5
9. e5 Nd7 10. a4 bxa4 11. Rxa4 Nb6 12. Ra1 f5 13. exf6 Bxf6 14. Ne5 Bxe5 15.
fxe5 Rxf1+ 16. Kxf1 Qf8+ 17. Kg1 Qf5 1/2-1/2

[Event "CAN-op"]
[Site "Windsor CAN"]
[Date "2016.07.17"]
[Round "9.20"]
[White "Chehayeb, Salah"]
[Black "Sivapathasundaram, Manojh"]
[Result "1-0"]
[WhiteElo "2015"]
[BlackElo "1985"]
[PlyCount "57"]
[EventDate "2016.07.10"]
[EventType "swiss"]
[EventRounds "9"]
[EventCountry "CAN"]

1. e4 c5 2. b4 cxb4 3. d4 d5 4. e5 e6 5. a3 Nc6 6. axb4 Bxb4+ 7. c3 Ba5 8. Bd3
Nge7 9. Ne2 O-O 10. O-O Ng6 11. f4 Bb6 12. Kh1 Nce7 13. Ba3 Re8 14. g4 Nf8 15.
Ng3 Nd7 16. Qc2 h6 17. f5 exf5 18. gxf5 f6 19. e6 Nf8 20. Rg1 g5 21. Qe2 Kh8
22. Nd2 Bc7 23. Qh5 Ng8 24. Rae1 Re7 25. Bxe7 Qxe7 26. Nf3 Kg7 27. Qg4 Kh8 28.
h4 Nh7 29. Re2 1-0

[Event "CAN-op"]
[Site "Windsor CAN"]
[Date "2016.07.17"]
[Round "9.21"]
[White "Fradkin, Benjamin"]
[Black "Beider, Andrew"]
[Result "0-1"]
[WhiteElo "2106"]
[BlackElo "2069"]
[PlyCount "96"]
[EventDate "2016.07.10"]
[EventType "swiss"]
[EventRounds "9"]
[EventCountry "CAN"]

1. d4 d5 2. Nf3 Nf6 3. Bf4 e6 4. c3 Bd6 5. Bg3 Bxg3 6. hxg3 Nbd7 7. e3 h6 8.
Nbd2 a6 9. Bd3 c5 10. Rc1 c4 11. Bb1 b5 12. e4 dxe4 13. Nxe4 Qc7 14. Qe2 Bb7
15. Rd1 Rd8 16. Kf1 Nxe4 17. Bxe4 Bxe4 18. Qxe4 Nf6 19. Qe5 Qxe5 20. Nxe5 Nd5
21. Ke1 O-O 22. a3 Rfe8 23. Rh4 f6 24. Nc6 Rd6 25. Nb4 Nxb4 26. axb4 e5 27. Re4
Rde6 28. dxe5 Rxe5 29. Rxe5 Rxe5+ 30. Kf1 Re6 31. Rd7 Kh7 32. f3 f5 33. Kf2 Kg6
34. Rd4 Kf6 35. g4 fxg4 36. Rxg4 Rd6 37. Ke2 g5 38. Re4 h5 39. Ke3 Rd3+ 40. Ke2
Rd5 41. Ke3 h4 42. Rd4 Re5+ 43. Kf2 Ke6 44. f4 Rf5 45. Kf3 gxf4 46. Rxf4 Ke5
47. Rxf5+ Kxf5 48. g3 hxg3 0-1

[Event "CAN-op"]
[Site "Windsor CAN"]
[Date "2016.07.17"]
[Round "9.22"]
[White "Gaisinsky, Adam"]
[Black "D'Amore, Tyler"]
[Result "1/2-1/2"]
[WhiteElo "1994"]
[BlackElo "1946"]
[PlyCount "24"]
[EventDate "2016.07.10"]
[EventType "swiss"]
[EventRounds "9"]
[EventCountry "CAN"]

1. e4 e5 2. Nf3 Nc6 3. Bb5 Nf6 4. O-O Bc5 5. c3 O-O 6. d4 Bb6 7. Bg5 h6 8. Bxf6
Qxf6 9. Bxc6 Qxc6 10. Nxe5 Qxe4 11. Nd2 Qf5 12. Ndc4 d6 1/2-1/2

[Event "CAN-op U1200"]
[Site "Windsor CAN"]
[Date "2016.07.10"]
[Round "1.52"]
[White "Cui, Kevin"]
[Black "Boulanger, Brayden"]
[Result "1-0"]
[WhiteElo "1203"]
[BlackElo "568"]
[PlyCount "35"]
[EventDate "2016.07.10"]
[EventType "swiss"]
[EventRounds "9"]
[EventCountry "CAN"]

1. e4 e5 2. Nf3 Nc6 3. d4 d6 4. dxe5 Nb4 5. a3 Nc6 6. exd6 Bxd6 7. Bb5 Bd7 8.
O-O a6 9. Bc4 Bg4 10. Qd3 Ne5 11. Nxe5 Bxe5 12. Qb3 Qe7 13. Qxb7 Qh4 14. Qxa8+
Kd7 15. h3 Bxh3 16. gxh3 Qxh3 17. Rd1+ Ke7 18. Qd8# 1-0

[Event "CAN-op U1200"]
[Site "Windsor CAN"]
[Date "2016.07.10"]
[Round "1.53"]
[White "Wang, Jenna"]
[Black "John, Namitha"]
[Result "0-1"]
[WhiteElo "741"]
[BlackElo "1053"]
[PlyCount "58"]
[EventDate "2016.07.10"]
[EventType "swiss"]
[EventRounds "9"]
[EventCountry "CAN"]

1. d4 d5 2. c4 c6 3. Nc3 Nf6 4. c5 Bf5 5. e3 Nbd7 6. Nf3 h6 7. Bd3 Bxd3 8. Qxd3
e6 9. O-O Be7 10. b4 O-O 11. a3 b5 12. Rd1 Qc7 13. a4 a6 14. Bb2 e5 15. axb5 e4
16. b6 Qb7 17. Qe2 exf3 18. Qxf3 Rfe8 19. Ra2 Ne4 20. Nxe4 dxe4 21. Qxe4 Bxc5
22. bxc5 Rxe4 23. f3 Rxe3 24. Rc1 Qb8 25. Ba1 Qf4 26. b7 Rae8 27. g3 Qxf3 28.
Rb2 Re1+ 29. Rxe1 Rxe1# 0-1

[Event "CAN-op U1200"]
[Site "Windsor CAN"]
[Date "2016.07.10"]
[Round "1.54"]
[White "Gaisinsky, Jacob"]
[Black "Periappuram, Moira"]
[Result "1-0"]
[WhiteElo "1019"]
[BlackElo "746"]
[PlyCount "63"]
[EventDate "2016.07.10"]
[EventType "swiss"]
[EventRounds "9"]
[EventCountry "CAN"]

1. e4 e5 2. Nf3 Nc6 3. Bc4 Bc5 4. c3 Nf6 5. d4 exd4 6. cxd4 Be7 7. d5 Na5 8.
Bd3 O-O 9. O-O b6 10. Bf4 d6 11. h3 Bd7 12. b4 Nb7 13. Ba6 Qc8 14. Nc3 c6 15.
dxc6 Qxc6 16. Rc1 Rab8 17. Nd5 Qa4 18. Nxe7+ Kh8 19. Qxa4 Bxa4 20. Rc7 Nd8 21.
Bxd6 Ne6 22. Rxa7 Rbd8 23. Nf5 Rfe8 24. Ne5 Ng5 25. Bc4 b5 26. Bxf7 Rxe5 27.
Bxe5 Ngxe4 28. Bd5 Ng5 29. h4 Nge4 30. Bxe4 Nxe4 31. Bxg7+ Kg8 32. Nh6# 1-0

[Event "CAN-op U1200"]
[Site "Windsor CAN"]
[Date "2016.07.10"]
[Round "1.55"]
[White "Zhang, William"]
[Black "Xing, Kun"]
[Result "0-1"]
[WhiteElo "461"]
[BlackElo "964"]
[PlyCount "50"]
[EventDate "2016.07.10"]
[EventType "swiss"]
[EventRounds "9"]
[EventCountry "CAN"]

1. e4 e5 2. Nf3 Nc6 3. Nc3 Nf6 4. Bc4 Bc5 5. O-O O-O 6. d3 Nd4 7. Nxd4 Bxd4 8.
h3 c6 9. Be3 Bb6 10. Bxb6 Qxb6 11. Na4 Qb4 12. Nc3 Qxb2 13. Rb1 Qxc3 14. Re1
Qa5 15. g3 b5 16. Bb3 d6 17. c4 Bxh3 18. cxb5 cxb5 19. Bd5 Rac8 20. Rc1 Qb6 21.
Rxc8 Rxc8 22. Qb3 Rf8 23. a4 Ng4 24. axb5 Qxf2+ 25. Kh1 Qg2# 0-1

[Event "CAN-op U1200"]
[Site "Windsor CAN"]
[Date "2016.07.10"]
[Round "1.56"]
[White "Ye, Sarah"]
[Black "Joseph Benher, Savio"]
[Result "1/2-1/2"]
[WhiteElo "869"]
[BlackElo "871"]
[PlyCount "54"]
[EventDate "2016.07.10"]
[EventType "swiss"]
[EventRounds "9"]
[EventCountry "CAN"]

1. e4 e5 2. Nf3 Nc6 3. Bc4 Bc5 4. Nc3 Nf6 5. d3 O-O 6. Bg5 Be7 7. O-O d6 8. h3
Be6 9. Bb3 Qd7 10. Qd2 Nd4 11. Nxd4 exd4 12. Nd5 Nxd5 13. exd5 Bf5 14. Bf4 Bf6
15. Qe2 Rfe8 16. Qf3 Re7 17. Qg3 Bg6 18. Rfe1 Rae8 19. Rf1 Be5 20. c4 dxc3 21.
Bxe5 Rxe5 22. bxc3 Bxd3 23. Qxd3 Rg5 24. Bc2 Rg6 25. c4 Re5 26. Rfe1 Reg5 27.
Qe3 f5 1/2-1/2

[Event "CAN-op U1200"]
[Site "Windsor CAN"]
[Date "2016.07.10"]
[Round "1.59"]
[White "Kapoor, Arjun"]
[Black "Sivapathasundaram, Nithusa"]
[Result "1/2-1/2"]
[WhiteElo "689"]
[BlackElo "638"]
[PlyCount "60"]
[EventDate "2016.07.10"]
[EventType "swiss"]
[EventRounds "9"]
[EventCountry "CAN"]

1. d4 d5 2. e3 Nc6 3. Nf3 Nf6 4. Nbd2 Bg4 5. h3 Bxf3 6. Nxf3 e6 7. Bd3 Bb4+ 8.
Bd2 Bxd2+ 9. Qxd2 O-O 10. O-O Ne4 11. Qe2 Nb4 12. Bxe4 dxe4 13. Ne5 f6 14. Qc4
fxe5 15. Qxb4 exd4 16. exd4 Re8 17. Qxb7 e5 18. Qxe4 exd4 19. Qd3 Rb8 20. Rfe1
Rxb2 21. Rxe8+ Qxe8 22. Qxd4 Rxc2 23. Qxa7 Qe6 24. Qb8+ Kf7 25. Qb3 Qxb3 26.
axb3 c5 27. Ra7+ Kg6 28. Ra6+ Kf7 29. Rc6 Rc3 30. b4 cxb4 1/2-1/2

[Event "CAN-op U1200"]
[Site "Windsor CAN"]
[Date "2016.07.10"]
[Round "1.60"]
[White "Periappuram, Jacob"]
[Black "Koltai, Anna"]
[Result "1-0"]
[WhiteElo "635"]
[BlackElo "1178"]
[PlyCount "167"]
[EventDate "2016.07.10"]
[EventType "swiss"]
[EventRounds "9"]
[EventCountry "CAN"]

1. e4 d5 2. exd5 Qxd5 3. Nc3 Qa5 4. Bc4 e5 5. Nf3 Nf6 6. d3 Bg4 7. O-O Nc6 8.
Be3 O-O-O 9. h3 e4 10. hxg4 exf3 11. Qxf3 Qe5 12. Qf5+ Qxf5 13. gxf5 Bd6 14.
Nb5 a6 15. Na7+ Nxa7 16. Bxa7 Be5 17. Rab1 b6 18. Bxa6+ Kd7 19. Rfd1 Ra8 20. d4
Bd6 21. Bb5+ Kd8 22. Bxb6 cxb6 23. a3 g6 24. Bc6 Rc8 25. d5 gxf5 26. Rd3 Rg8
27. b4 Nh5 28. g3 f4 29. Rf3 fxg3 30. fxg3 Nxg3 31. Re1 Ne4+ 32. Kh1 Ng5 33.
Rf5 Kc7 34. Rc1 Rg6 35. c4 Rh6+ 36. Kg1 Nh3+ 37. Kf1 f6 38. c5 bxc5 39. bxc5
Rb8 40. cxd6+ Kxd6 41. Rc2 Rb1+ 42. Ke2 Ng1+ 43. Kd2 Rh2+ 44. Kc3 Ne2+ 45. Kc4
Rh4+ 46. Kd3 Nf4+ 47. Kd2 Rh2+ 48. Kc3 Ne2+ 49. Kc4 Rh4+ 50. Kd3 Nc1+ 51. Kc3
Rb3+ 52. Kd2 Nd3 53. Rxf6+ Ke5 54. Re6+ Kf5 55. Bd7 Kg5 56. Rc3 Rh2+ 57. Kxd3
Rxc3+ 58. Kxc3 Rh3+ 59. Kb4 Rh4+ 60. Kc5 Rh2 61. Re5+ Kf4 62. Rf5+ Ke3 63. a4
Rc2+ 64. Kb6 Rb2+ 65. Bb5 Rg2 66. d6 Rg6 67. Kc5 Rg2 68. d7 Rc2+ 69. Kb6 Rd2
70. Re5+ Kf4 71. Re8 Rd6+ 72. Kc7 Rd2 73. d8=Q Rxd8 74. Rxd8 Kg5 75. a5 Kh6 76.
a6 Kh5 77. a7 Kh6 78. a8=Q Kh5 79. Qe4 h6 80. Rf8 Kg5 81. Qf5+ Kh4 82. Rg8 h5
83. Qg5+ Kh3 84. Qxh5# 1-0

[Event "CAN-op U1200"]
[Site "Windsor CAN"]
[Date "2016.07.10"]
[Round "1.61"]
[White "Periappuram, Anya"]
[Black "Tao, Kaitlyn"]
[Result "0-1"]
[WhiteElo "344"]
[BlackElo "626"]
[PlyCount "62"]
[EventDate "2016.07.10"]
[EventType "swiss"]
[EventRounds "9"]
[EventCountry "CAN"]

1. e4 e5 2. Nf3 Nc6 3. Nc3 Nf6 4. Bc4 Bc5 5. d3 h6 6. Be3 Bxe3 7. fxe3 d6 8.
O-O O-O 9. Rb1 Qe7 10. Bd5 Qe8 11. d4 Be6 12. Bc4 Bxc4 13. b3 Bxf1 14. Kxf1 Rb8
15. Rc1 b5 16. b4 Nxb4 17. a3 Qc6 18. a4 Qxc3 19. Kf2 Nxe4+ 20. Kf1 Nd5 21. Rb1
Nxe3+ 22. Kg1 Nxd1 23. Rxd1 bxa4 24. g3 a3 25. Rb1 Rxb1+ 26. Kg2 a2 27. Kh3
Qxf3 28. dxe5 a1=Q 29. c3 Qaxc3 30. exd6 Nxg3 31. hxg3 Qxg3# 0-1

[Event "CAN-op U1200"]
[Site "Windsor CAN"]
[Date "2016.07.11"]
[Round "2.52"]
[White "Zhang, Wendy"]
[Black "Cui, Kevin"]
[Result "0-1"]
[WhiteElo "800"]
[BlackElo "1203"]
[PlyCount "80"]
[EventDate "2016.07.10"]
[EventType "swiss"]
[EventRounds "9"]
[EventCountry "CAN"]

1. e4 c5 2. Nf3 d6 3. d4 cxd4 4. Nxd4 Nf6 5. Nc3 g6 6. Be2 Bg7 7. Be3 O-O 8.
O-O Bd7 9. Qd2 Nc6 10. h3 a6 11. a4 Rc8 12. Rad1 Ne5 13. f3 Nc4 14. Qc1 Nxe3
15. Qxe3 Qb6 16. Qd2 e5 17. Kh1 exd4 18. Qxd4 Qxb2 19. Nd5 Qxd4 20. Rxd4 Nh5
21. Ne7+ Kh8 22. Nxc8 Ng3+ 23. Kg1 Bxd4+ 24. Kh2 Nxf1+ 25. Bxf1 Rxc8 26. c4
Bxa4 27. c5 Rxc5 28. f4 b5 29. e5 dxe5 30. fxe5 Bxe5+ 31. Kh1 Rc1 32. Kg1 Bd4+
33. Kh2 Rxf1 34. g3 b4 35. Kg2 Rf2+ 36. Kg1 Bc6 37. h4 Ra2+ 38. Kf1 b3 39. Ke1
b2 40. Kd2 b1=Q# 0-1

[Event "CAN-op U1200"]
[Site "Windsor CAN"]
[Date "2016.07.11"]
[Round "2.53"]
[White "John, Namitha"]
[Black "Locham, Divjot"]
[Result "1-0"]
[WhiteElo "1053"]
[BlackElo "801"]
[PlyCount "63"]
[EventDate "2016.07.10"]
[EventType "swiss"]
[EventRounds "9"]
[EventCountry "CAN"]

1. e4 e5 2. Nf3 Nc6 3. Bc4 Be7 4. O-O Nf6 5. Nc3 Nxe4 6. Re1 Nxc3 7. bxc3 Bf6
8. d4 d6 9. dxe5 dxe5 10. Qxd8+ Bxd8 11. Nxe5 O-O 12. Nxc6 bxc6 13. Rb1 Bf6 14.
Bd2 Bf5 15. Bd3 Bg6 16. Rb7 Rad8 17. Re3 Bg5 18. Re2 Bxd3 19. cxd3 Rxd3 20. f4
Be7 21. Rxe7 Rxd2 22. Rxa7 Rb8 23. h3 Rb1+ 24. Kh2 Rb8 25. Raxc7 h6 26. Rxf7 h5
27. Rxg7+ Kh8 28. Rh7+ Kg8 29. Rcg7+ Kf8 30. Rf7+ Ke8 31. Re7+ Kd8 32. Reg7 1-0

[Event "CAN-op U1200"]
[Site "Windsor CAN"]
[Date "2016.07.11"]
[Round "2.54"]
[White "Tao, Kaitlyn"]
[Black "Gaisinsky, Jacob"]
[Result "0-1"]
[WhiteElo "626"]
[BlackElo "1019"]
[PlyCount "76"]
[EventDate "2016.07.10"]
[EventType "swiss"]
[EventRounds "9"]
[EventCountry "CAN"]

1. e4 e5 2. Nf3 Nc6 3. Bc4 Nf6 4. Nc3 Nxe4 5. Nxe4 d5 6. Bd3 dxe4 7. Bxe4 Bg4
8. h3 Bh5 9. d3 Bc5 10. O-O Qd7 11. Qe1 f6 12. Be3 Bxe3 13. Qxe3 Bxf3 14. Qxf3
Nd4 15. Qd1 O-O-O 16. c3 Nb5 17. Qb3 a6 18. c4 Nd6 19. Bf3 h5 20. c5 Nb5 21.
Rfd1 f5 22. Rac1 c6 23. a4 Nd4 24. Qb4 g5 25. g4 Nxf3+ 26. Kg2 fxg4 27. Kg3 Qc7
28. Qe4 Rd4 29. Qf5+ Kb8 30. hxg4 e4+ 31. Kg2 Nh4+ 32. Kh3 Nxf5 33. gxf5 exd3
34. f3 Rh4+ 35. Kg2 Qh2+ 36. Kf1 Qg3 37. Rxd3 Rh2 38. Rcd1 Qf2# 0-1

[Event "CAN-op U1200"]
[Site "Windsor CAN"]
[Date "2016.07.11"]
[Round "2.55"]
[White "Xing, Kun"]
[Black "Periappuram, Jacob"]
[Result "0-1"]
[WhiteElo "964"]
[BlackElo "635"]
[PlyCount "68"]
[EventDate "2016.07.10"]
[EventType "swiss"]
[EventRounds "9"]
[EventCountry "CAN"]

1. e4 e5 2. Nf3 Nc6 3. Bc4 Bc5 4. d3 h6 5. Nc3 Nf6 6. Be3 Bb6 7. O-O O-O 8. h3
d6 9. Nd5 Nxd5 10. Bxd5 Be6 11. Bb3 Qe7 12. c3 Rfd8 13. d4 d5 14. exd5 Bxd5 15.
c4 Bxf3 16. Qxf3 exd4 17. Bd2 d3 18. Rfe1 Qc5 19. a3 Nd4 20. Qg3 Kf8 21. Bxh6
gxh6 22. Qh4 Qg5 23. Qxg5 hxg5 24. Bd1 Rd6 25. Re3 Nc2 26. Bxc2 dxc2 27. Ree1
Rad8 28. Re8+ Rxe8 29. Rc1 Rd1+ 30. Rxd1 cxd1=Q+ 31. Kh2 Qd6+ 32. g3 Bxf2 33.
Kh1 Qxg3 34. h4 Re1# 0-1

[Event "CAN-op U1200"]
[Site "Windsor CAN"]
[Date "2016.07.11"]
[Round "2.57"]
[White "Sivapathasundaram, Nithusa"]
[Black "Ahmed, Bilal"]
[Result "1/2-1/2"]
[WhiteElo "638"]
[BlackElo "826"]
[PlyCount "41"]
[EventDate "2016.07.10"]
[EventType "swiss"]
[EventRounds "9"]
[EventCountry "CAN"]

1. e4 e5 2. Nf3 Nc6 3. Bc4 Nf6 4. O-O Nxe4 5. d3 Nf6 6. Ng5 d5 7. Bb3 Bg4 8.
Qd2 h6 9. Nf3 e4 10. dxe4 Be6 11. exd5 Bxd5 12. Qe2+ Be6 13. Rd1 Bd6 14. Bf4
O-O 15. Bxd6 cxd6 16. Ba4 Qc7 17. Bxc6 bxc6 18. Nd4 Bd7 19. Nc3 d5 20. f3 Rfe8
21. Qd2 1/2-1/2

[Event "CAN-op U1200"]
[Site "Windsor CAN"]
[Date "2016.07.11"]
[Round "2.58"]
[White "Joseph Benher, Savio"]
[Black "Arora, Sat"]
[Result "0-1"]
[WhiteElo "871"]
[BlackElo "820"]
[PlyCount "106"]
[EventDate "2016.07.10"]
[EventType "swiss"]
[EventRounds "9"]
[EventCountry "CAN"]

1. e4 e5 2. Nf3 Nc6 3. Bc4 h6 4. O-O Bc5 5. Nc3 a6 6. a3 d6 7. h3 Qe7 8. d3 f5
9. b4 Ba7 10. Be3 Nd4 11. Nd5 Qd7 12. Bxd4 exd4 13. Ba2 c6 14. Nf4 Nf6 15. Nd2
fxe4 16. Nxe4 Nxe4 17. Qh5+ Ke7 18. Ng6+ Kd8 19. Nxh8 Nf6 20. Qf7 d5 21. Qxd7+
Bxd7 22. Ng6 Rc8 23. Ne5 Be8 24. Rfc1 c5 25. Bb3 b5 26. Ng4 c4 27. dxc4 dxc4
28. Ba2 Nd5 29. Rd1 Bg6 30. Bb1 Nc3 31. Rd2 Rc7 32. Ne5 Bh7 33. Nf3 Kc8 34. Kf1
Rd7 35. Ng1 Rf7 36. Ne2 Ne4 37. Ke1 Nxd2 38. Kxd2 Rxf2 39. g3 Bb8 40. Ke1 Rh2
41. h4 Be5 42. Ra2 Rh1+ 43. Kd2 Rxb1 44. Nc1 Bg8 45. c3 dxc3+ 46. Kc2 Bh7+ 47.
Kd1 c2+ 48. Ke2 Rxc1 49. Kd2 Rd1+ 50. Ke2 c1=Q 51. Kf2 Re1 52. Kf3 Qe3+ 53. Kg2
Qxg3# 0-1

[Event "CAN-op U1200"]
[Site "Windsor CAN"]
[Date "2016.07.11"]
[Round "2.59"]
[White "Marcelloni, Jacob"]
[Black "Kapoor, Arjun"]
[Result "1-0"]
[WhiteElo "689"]
[BlackElo "786"]
[PlyCount "31"]
[EventDate "2016.07.10"]
[EventType "swiss"]
[EventRounds "9"]
[EventCountry "CAN"]

1. d4 d5 2. c4 dxc4 3. e3 e5 4. Bxc4 exd4 5. exd4 Qe7+ 6. Ne2 Qb4+ 7. Nd2 b6 8.
Bd5 c6 9. Bc4 Nf6 10. O-O Bd6 11. a3 Qa5 12. b4 Qh5 13. g3 c5 14. Re1 cxb4 15.
Nf4+ Kf8 16. Nxh5 1-0

[Event "CAN-op U1200"]
[Site "Windsor CAN"]
[Date "2016.07.11"]
[Round "2.62"]
[White "Koltai, Anna"]
[Black "Wang, Jenna"]
[Result "1-0"]
[WhiteElo "1178"]
[BlackElo "741"]
[PlyCount "95"]
[EventDate "2016.07.10"]
[EventType "swiss"]
[EventRounds "9"]
[EventCountry "CAN"]

1. d4 d5 2. Nf3 Nc6 3. Bf4 Nf6 4. e3 e6 5. h3 Bd6 6. Bxd6 cxd6 7. Be2 O-O 8.
O-O Re8 9. Nbd2 e5 10. dxe5 dxe5 11. c3 e4 12. Nd4 Be6 13. Qb3 Qc7 14. Nb5 Qb6
15. Nd6 Red8 16. Nxb7 Na5 17. Qxb6 axb6 18. Nxd8 Rxd8 19. b4 Nc4 20. Rad1 Nb2
21. Rc1 Rc8 22. Rb1 Nd3 23. Bxd3 exd3 24. Rb3 d4 25. exd4 Bxb3 26. axb3 g6 27.
c4 b5 28. Re1 bxc4 29. bxc4 Ra8 30. Re3 Ra2 31. Rxd3 Ra1+ 32. Kh2 g5 33. b5 Ra2
34. b6 g4 35. b7 Nd7 36. Ne4 Rb2 37. c5 Nb8 38. Nd6 Rxf2 39. Re3 Nc6 40. d5 Rb2
41. dxc6 g3+ 42. Kxg3 Kg7 43. c7 f5 44. Nxf5+ Kf8 45. c8=Q+ Kf7 46. Qe6+ Kf8
47. Qe7+ Kg8 48. Qg7# 1-0

[Event "CAN-op U1200"]
[Site "Windsor CAN"]
[Date "2016.07.12"]
[Round "3.52"]
[White "Cui, Kevin"]
[Black "Gaisinsky, Jacob"]
[Result "1-0"]
[WhiteElo "1203"]
[BlackElo "1019"]
[PlyCount "29"]
[EventDate "2016.07.10"]
[EventType "swiss"]
[EventRounds "9"]
[EventCountry "CAN"]

1. e4 e5 2. Nf3 Nc6 3. d4 exd4 4. Bc4 Nf6 5. e5 d5 6. Bb5 Ne4 7. O-O Bc5 8.
Nxd4 Bd7 9. Nf3 O-O 10. Bf4 Rc8 11. Be2 f6 12. Qxd5+ Be6 13. Qxe6+ Rf7 14. exf6
Nxf6 15. Ng5 1-0

[Event "CAN-op U1200"]
[Site "Windsor CAN"]
[Date "2016.07.12"]
[Round "3.53"]
[White "Periappuram, Jacob"]
[Black "John, Namitha"]
[Result "0-1"]
[WhiteElo "835"]
[BlackElo "1053"]
[PlyCount "60"]
[EventDate "2016.07.10"]
[EventType "swiss"]
[EventRounds "9"]
[EventCountry "CAN"]

1. e4 e5 2. Nf3 Nc6 3. Bc4 Bc5 4. Nc3 Nf6 5. d3 h6 6. Be3 Bb6 7. a3 d6 8. h3
O-O 9. O-O Be6 10. Ba2 Qd7 11. Nd5 Bxd5 12. exd5 Ne7 13. c4 c6 14. dxc6 bxc6
15. Qd2 Rab8 16. b4 Ng6 17. c5 dxc5 18. bxc5 Bc7 19. d4 e4 20. Nh2 Nh4 21. f3
Bxh2+ 22. Kxh2 exf3 23. gxf3 Qf5 24. Qe2 Rfe8 25. Rf2 Nd5 26. Bxd5 Qxd5 27. Re1
Nf5 28. Qd3 Nxd4 29. Ref1 Nxf3+ 30. Rxf3 Qxd3 0-1

[Event "CAN-op U1200"]
[Site "Windsor CAN"]
[Date "2016.07.12"]
[Round "3.55"]
[White "Koltai, Anna"]
[Black "Marcelloni, Jacob"]
[Result "1-0"]
[WhiteElo "1178"]
[BlackElo "786"]
[PlyCount "55"]
[EventDate "2016.07.10"]
[EventType "swiss"]
[EventRounds "9"]
[EventCountry "CAN"]

1. d4 Nf6 2. Nf3 d5 3. Bf4 g6 4. e3 Bg7 5. Bd3 O-O 6. O-O Nc6 7. Nbd2 Nb4 8. a3
Nxd3 9. cxd3 Bf5 10. Qb3 b6 11. Rfe1 Be6 12. Rac1 Rc8 13. Qa4 a5 14. e4 Bd7 15.
Qb3 Be6 16. e5 Nh5 17. Be3 f6 18. exf6 Rxf6 19. Bg5 Rf5 20. Rxe6 Qd7 21. Rxe7
Qd6 22. Rce1 Rff8 23. R1e6 Qxe6 24. Rxe6 Rfe8 25. Rxe8+ Rxe8 26. Qxd5+ Kf8 27.
Ne5 c6 28. Nd7# 1-0